How to win Friends & in fluence People (Record no. 94)

MARC details
000 -LEADER
fixed length control field 00309nam a22001337a 4500
020 ## - INTERNATIONAL STANDARD BOOK NUMBER
International Standard Book Number 9781451612578
041 ## - LANGUAGE CODE
Language code of text/sound track or separate title ENG
100 ## - MAIN ENTRY--PERSONAL NAME
Personal name Carnegie.D
245 ## - TITLE STATEMENT
Title How to win Friends & in fluence People
260 ## - PUBLICATION, DISTRIBUTION, ETC. (IMPRINT)
Place of publication, distribution, etc New Delhi
Name of publisher, distributor, etc Simon
Date of publication, distribution, etc 2015
300 ## - PHYSICAL DESCRIPTION
Extent 245
650 ## - SUBJECT ADDED ENTRY--TOPICAL TERM
Topical term or geographic name as entry element Competitive Eaxm
856 ## - ELECTRONIC LOCATION AND ACCESS
Uniform Resource Identifier Competitive Eaxm
Holdings
Withdrawn status Lost status Source of classification or shelving scheme Damaged status Not for loan Home library Current library Shelving location Date acquired Cost, normal purchase price Total Checkouts Barcode Date last seen Date checked out Price effective from Koha item type
    Dewey Decimal Classification     College of Agricultural Engineering and Technology, Dapoli , Library College of Agricultural Engineering and Technology, Dapoli , Library General Stacks 21/10/2020 299.00 1 007611 03/01/2023 15/12/2022 21/10/2020 Books
    Dewey Decimal Classification     College of Agricultural Engineering and Technology, Dapoli , Library College of Agricultural Engineering and Technology, Dapoli , Library Book Cart 17/08/2022 160.00   008002 17/08/2022   17/08/2022 Books

Contact Us: College of Agricultural Engineering and Technology, Dapoli, Dist.- Ratnagiri
Website: https://dbskkv.org Email: caetlibrary2015@gmail.com